000 00470nam a22001697a 4500
999 _c7804
_d7804
003 OSt
005 20220314152631.0
008 220314b ||||| |||| 00| 0 eng d
040 _cNLM
082 _aWW270 R22a 2013
245 _aRetina and Vitreous, Section 2013-2014
260 _aSinapore:
_bAmerican Academy of Ophthalmology;
_c2013.
300 _axiv,425p.:
_bill.(some col);
_c25cm.
504 _aIncludes Index.
650 _aOphthalmology.
_9338
942 _2z
_cBOOK